Every Song by Snowing - Statistics

General Stats
  • This quiz has been taken 2 times
  • The average score is 10 of 18
Answer Stats
Album Song % Correct
I Could Do Whatever I Wanted If I Wanted(2010) I Think We're in Minsk
100%
That Time I Sat in a Pile of Chocolate(2016) Pump Fake
100%
I Could Do Whatever I Wanted If I Wanted(2010) So I Shotgunned a Beer and Went Back to Bed
100%
Summer Singles - 4 Way Split(2011) Big Weed
50%
I Could Do Whatever I Wanted If I Wanted(2010) Could Be Better Forever
50%
I Could Do Whatever I Wanted If I Wanted(2010) Damp Feathers
50%
Fuck Your Emotional Bullshit(2009) Important Things (Specter Magic)
50%
Fuck Your Emotional Bullshit(2009) Kirk Cameron Crowe
50%
I Could Do Whatever I Wanted If I Wanted(2010) KJ Jammin
50%
I Could Do Whatever I Wanted If I Wanted(2010) Malk It
50%
I Could Do Whatever I Wanted If I Wanted(2010) Mark Z. Danielewski
50%
Fuck Your Emotional Bullshit(2009) Methuselah Rookie Card
50%
Fuck Your Emotional Bullshit(2009) Sam Rudich
50%
That Time I Sat in a Pile of Chocolate(2016) Scherbatsky
50%
I Could Do Whatever I Wanted If I Wanted(2010) Why Am I Not Going Underwater?
50%
I Could Do Whatever I Wanted If I Wanted(2010) You Bring Something... No
50%
I Could Do Whatever I Wanted If I Wanted(2010) It's Just a Party
0%
I Could Do Whatever I Wanted If I Wanted(2010) Memo Yeah That's Fine Man
0%
No matching quizzes found
Score Distribution
Percent of People with Each Score
Percentile by Number Answered
Your Score History
You have not taken this quiz